Gregg shorthand for college, series 90 (Record no. 14648)

MARC details
000 -LEADER
fixed length control field 00552nam a22001937a 4500
003 - CONTROL NUMBER IDENTIFIER
control field URS
005 - DATE AND TIME OF LATEST TRANSACTION
control field 20220114171737.0
008 - FIXED-LENGTH DATA ELEMENTS--GENERAL INFORMATION
fixed length control field 170519b xxu||||| |||| 00| 0 eng d
010 ## - LIBRARY OF CONGRESS CONTROL NUMBER
LC control number 79-12060
020 ## - INTERNATIONAL STANDARD BOOK NUMBER
International Standard Book Number 9710829394
050 ## - LIBRARY OF CONGRESS CALL NUMBER
Classification number Z56.2
Item number G7L48 1980 v. 2
082 ## - DEWEY DECIMAL CLASSIFICATION NUMBER
Classification number 653
Item number 427
100 ## - MAIN ENTRY--PERSONAL NAME
Relator code author
Personal name Leslie, Louis A
245 ## - TITLE STATEMENT
Title Gregg shorthand for college, series 90
Statement of responsibility, etc. Louis A. Leslie, Charles E. Zoubek, A. James Lemaster
260 ## - PUBLICATION, DISTRIBUTION, ETC.
Name of publisher, distributor, etc. McGraw Hill Inc.
Date of publication, distribution, etc. c1980
700 ## - ADDED ENTRY--PERSONAL NAME
Relator code Zoubek, Charles E
700 ## - ADDED ENTRY--PERSONAL NAME
Relator code Lemaster, A. James
942 ## - ADDED ENTRY ELEMENTS (KOHA)
Source of classification or shelving scheme Library of Congress Classification
Koha item type Foreign Books
Holdings
Withdrawn status Source of classification or shelving scheme Damaged status Not for loan Collection code Home library Current library Shelving location Date acquired Total Checkouts Full call number Barcode Date last seen Price effective from Koha item type
  Library of Congress Classification     Non-fiction Binangonan College Library Binangonan College Library Foreign Section 06/07/2023   Z56.2 G7L48 1980 v. 2 URSBIN-01739 05/19/2017 05/19/2017 Foreign Books
  Library of Congress Classification     Non-fiction Binangonan College Library Binangonan College Library Foreign Section 06/07/2023   Z56.2 G7L48 1980 v. 2 URSBIN-0963 05/19/2017 05/19/2017 Foreign Books

University of Rizal System
Email us at univlibservices@urs.edu.ph

Visit our Website www.urs.edu.ph/library